| 000 | 00592cam a2200229ua 4500 | ||
|---|---|---|---|
| 001 | 88 | ||
| 008 | 110316n ii |||gr||||Z||||||eng | ||
| 020 | _a81-7635-312-4 | ||
| 040 | _cMAIN | ||
| 082 | _a005.4 | ||
| 100 | _aNorton, Peter., | ||
| 245 | 1 |
_aComplete guide to microsoft office _cby Peter Norton |
|
| 250 | _a1st. | ||
| 260 |
_aNew Delhi: _bTechmedia,999. |
||
| 300 |
_axix, 792p.: _bill.; _c30cm. |
||
| 653 | _aComputer science | ||
| 653 | _aComputer programming | ||
| 653 | _aMicrosoft office | ||
| 700 | _aFreeze, Jill T., | ||
| 700 |
_aFreeze, Wayne S., _eAuthor. |
||
| 942 | _cBK | ||
| 999 |
_c79 _d79 |
||